00847 2200325 4500001002100000005001500021035002000036007000300056040001700059100002500076245004100101250001000142300003900152020001800191041000800209082001000217084001600227090002500243264003500268336002100303337003000324338002300354650001700377850001000394008004100404990001900445990001900464990001900483990001900502INLIS00000000000941220260421082405 a0010-1222000017ta aSBPUPADbInd0 aDaryanto;ePengarang1 aAlat Pesawat Pengangkat /cDaryanto, aCet.2 avii, 151 hlm :bilus ;c14 x 20 cm a979-518-239-017aInd a629.8 a629.8 DAR a a629.229 DAR r L 20-2 aJakarta :bRineka Cipta,c1992 2rdacontentateks 2rdamediaatanpa perantara 2rdacarrieravolume 4aTeknik Mesin aPUPAD260421 0  a18051/Br, 2013 a18052/Br, 2013 a18053/Br, 2013 a18050/Br, 2013